00653nam a22002297a 450000500170000001000130001702000230003003500130005303700160006604000120008208200160009410000190011024500730012925000120020226000440021427000460025830000340030450000200033865000230035865000230038170000190040420170124110036.0 aA-939205 c295.00a8120312422 aA-939205 bCen Lib/Ret aDPLbEN a658.16bJOH aJohnson, Gerry aExploring corporate strategy /cby Gerry Johnson [and] Kevan Scholes a4th ed. aNew DelhibPrintice-Hall of Indiac1998 aM-97, Cannaught CircusbNew Delhie110001 axxviii,873p.:c23cm(Hb)bill. aIncludes index  a Business planning aStrategic planning aScholes, Kevan